Γενική διδακτική : κατά τας κατευθύνσεις της συγχρόνου παιδαγωγικής

Αποθηκεύτηκε σε:
Λεπτομέρειες βιβλιογραφικής εγγραφής
Κύριος συγγραφέας: Ισηγόνης, Αντώνιος Μ.
Μορφή: Βιβλίο
Γλώσσα:Greek
Δημοσίευση: Αθήναι : [χ.ό.], 1962
Έκδοση:2η εκδ. επαυξ. βελτιωμ.
Θέματα:
Ετικέτες: Προσθήκη ετικέτας
Δεν υπάρχουν, Καταχωρήστε ετικέτα πρώτοι!

MARC

LEADER 00000cam a2200000 i 4500
001 1/75042
008 960516s1962 gr | ||| |||| ||gre||
035 |a 1995  |b 1  |c Δωρεά  |l 10032012 
040 |a GR-MY-UA  |b gre  |e aacr 
041 0 |a gre 
082 0 |a 371.1 
100 1 |a Ισηγόνης, Αντώνιος Μ. 
245 1 0 |a Γενική διδακτική :  |b κατά τας κατευθύνσεις της συγχρόνου παιδαγωγικής /  |c Αντ. Μ. Ισηγόνη 
250 |a 2η εκδ. επαυξ. βελτιωμ. 
260 |a Αθήναι :   |b [χ.ό.],   |c 1962 
300 |a 195 σ. 
650 0 0 |a Teaching. 
852 |a INST  |b RHODES  |e 19960516  |h 371.1 ΙΣΗ  |p 005400007244  |q 005400007244  |t BK  |y 0 
909 |a Ρ  |b 028478  |c 1995